| 000 | 00449nam a2200181Ia 4500 | ||
|---|---|---|---|
| 003 | GCL | ||
| 008 | 140319s9999 xx 000 0 eng d | ||
| 040 |
_aGCL / _cGCL |
||
| 082 | 0 | 4 |
_a891.51 _bK R |
| 100 | 1 | _aFITZGERALD, EDWARD | |
| 245 | 1 | 0 |
_aRUBAIYAT OF OMAR KHAYYM / _cFITZGERALD, EDWARD |
| 700 | 1 | _aKAYYAM, OMAR | |
| 260 |
_a[S.N] : _bCOLLINS |
||
| 300 | _a126 P | ||
| 650 | 0 | 4 | _aLITERATURE |
| 650 | 0 | 4 | _aPERSIAN LITERATURE |
| 942 |
_2ddc _cBK |
||
| 999 |
_c14033 _d14033 |
||